Rock 'n' Roller Coaster Pre-show Script - Statistics

General Stats
  • This quiz has been taken 32 times
  • The average score is 108 of 265
Answer Stats
Hint Answer % Correct
super
100%
backstage
80%
go.
80%
passes?
80%
stretch.
80%
a
60%
about
60%
get
60%
Illeana Douglas Get!
60%
got
60%
| Brad Whitford | Illeana Douglas | +5 others Hey
60%
Brad Whitford | Illeana Douglas | Tom Hamilton I
60%
in
60%
In
60%
it
60%
just
60%
like
60%
our
60%
some
60%
Some
60%
that.
60%
that
60%
this
60%
this!
60%
wait
60%
Steven Tyler Wait
60%
wait,
60%
We
60%
we
60%
you
60%
you?
60%
you!
60%
all
40%
are
40%
at
40%
be
40%
but
40%
can
40%
can't
40%
can't?
40%
car.
40%
company.
40%
do
40%
do?
40%
don't
40%
fans.
40%
fast
40%
Good.
40%
Great.
40%
guys
40%
guys,
40%
Guys!
40%
guys?
40%
hate
40%
Steven Tyler Have
40%
here
40%
Illeana Douglas Hi
40%
Steven Tyler How
40%
how
40%
Joe Perry I'd
40%
I'll
40%
is
40%
know
40%
leave
40%
Les Paul
40%
limo?
40%
love
40%
Stephen Tyler Make
40%
make
40%
me
40%
me,
40%
mind
40%
minute
40%
minute!
40%
my
40%
Steven Tyler No!
40%
not
40%
of
40%
Joe Perry Oh!
40%
Illeana Douglas oh
40%
on
40%
on.
40%
on!
40%
out
40%
ride!
40%
Joe Perry See
40%
Illeana Douglas show,
40%
show
40%
the
40%
them
40%
to
40%
too
40%
we'll
40%
Illeana Douglas Well,
40%
were
40%
Joey Kramer We're
40%
What
40%
what?!
40%
what
40%
Where
40%
with
40%
Illeana Douglas Your
40%
across
20%
alley
20%
Alright
20%
alright
20%
bigger
20%
black
20%
Joe Perry Chris
20%
come
20%
Come
20%
doin'?
20%
doing
20%
expect
20%
fact,
20%
feel
20%
finished
20%
folks.
20%
folks
20%
folks,
20%
Gimme
20%
girl!
20%
gonna
20%
gotta
20%
grab
20%
happen
20%
happen!
20%
heard
20%
idea
20%
I'm
20%
introduce
20%
it's
20%
It's
20%
listen
20%
lovely
20%
manager.
20%
need
20%
nice
20%
Illeana Douglas Now.
20%
Illeana Douglas Now
20%
Okay,
20%
Illeana Douglas Okay!
20%
okay!
20%
Okay
20%
outta
20%
people?
20%
people
20%
Please
20%
really
20%
right
20%
Sal,
20%
send
20%
she's
20%
Sorry
20%
still
20%
supposed
20%
Taxi!
20%
Brad Whitford That's
20%
these
20%
town,
20%
us
20%
usually
20%
way
20%
Joey Kramer What's
20%
working!
20%
worse.
20%
Tom Hamilton Wow,
20%
ya
20%
Brad Whitford | Joe Perry Yeah
20%
Tom Hamilton yeah
20%
*Multiple Members | Tom Hamilton Yeah!
20%
No matching quizzes found
Score Distribution
Percent of People with Each Score
Percentile by Number Answered
Your Score History
You have not taken this quiz